• 首页
  • 本馆介绍
  • 公告通知
  • 最新文献
  • 馆藏检索
  • 电子资源
  • 读者导购
  • 参考咨询
  • 我的图书馆
  • 登录
  • 详细信息显示
  • 放入我的书架
  • 预约/预借图书
  • 作者相关作品
  • 分类相关作品
  • 丛书相关作品
  • 出版社相关作品

书目信息

  • 表格格式
  • 工作单格式
  • 卡片格式
题名:
公共外交与跨文化交流
    
 
作者: 赵启正 著
分册:  
出版信息: 北京   中国人民大学出版社  2011.3
页数: 222页
开本: 24cm
丛书名:
单 册:
中图分类: D80 , G115
科图分类:
主题词: 外交理论--研究 , 文化交流--研究
电子资源:
ISBN: 978-7-300-13384-3
000 00975nam0 22002651 45
001 512
005 20120531151836.64
010    @a978-7-300-13384-3@dCNY38.00
100    @a20120328d2011 em y0chiy50 ea
101 0  @achi
102    @aCN@b110000
105    @ay z 000yy
106    @ar
200 1  @a公共外交与跨文化交流@AGong Gong Wai Jiao Yu Kua Wen Hua Jiao Liu@d= Public diplomacy and communication between cultures@f赵启正著@FZhao Qi Zheng Zhu@zeng
210    @a北京@c中国人民大学出版社@d2011.3
215    @a222页@d24cm
330    @a本书内容包括:中国进入公共外交时代、国际舆论———国家发展的重要环境、“塑造国家”与“传播形象”、以文化为基础开展对外传播、翻译———跨文化之桥等。
510 1  @aPublic diplomacy and communication between cultures@zeng
606 0  @a外交理论@x研究
606 0  @a文化交流@x研究
690    @aD80@v4
690    @aG115@v4
701  0 @a赵启正@AZhao Qi Zheng@4著
801  0 @aCN@bTSTCL@c20120328
905    @b0811705-09@dD80@e23@f5
    
    公共外交与跨文化交流= Public diplomacy and communication between cultures/赵启正著.-北京:中国人民大学出版社,2011.3
    222页;24cm
    
    
    ISBN 978-7-300-13384-3:CNY38.00
    本书内容包括:中国进入公共外交时代、国际舆论———国家发展的重要环境、“塑造国家”与“传播形象”、以文化为基础开展对外传播、翻译———跨文化之桥等。
●
相关链接 在E读中查询图书 在五车中查询图书 在当当中查询图书 在豆瓣中查询图书


正题名:公共外交与跨文化交流     索取号:D80/23         预约/预借

序号 登录号 条形码 馆藏地/架位号 状态 备注
1 0811705   208117054   第一样本阅览室/ [索取号:D80/23] 在馆    
2 0811706   208117063   第一借阅区/ [索取号:D80/23] 在馆    
3 0811707   208117072   第一借阅区/ [索取号:D80/23] 在馆    
4 0811708   208117081   第一借阅区/ [索取号:D80/23] 在馆    
5 0811709   208117090   第一借阅区/ [索取号:D80/23] 在馆    
唐山师范学院图书馆 欢迎您!
大连网信软件有限公司© 版权所有